• 首页
  • 本馆介绍
  • 公告通知
  • 最新文献
  • 馆藏检索
  • 电子资源
  • 读者导购
  • 参考咨询
  • 我的图书馆
  • 登录
  • 详细信息显示
  • 放入我的书架
  • 预约/预借图书
  • 作者相关作品
  • 分类相关作品
  • 丛书相关作品
  • 出版社相关作品

书目信息

  • 表格格式
  • 工作单格式
  • 卡片格式
题名:
刀具热处理
    
 
作者: 上海工具厂 编
分册:  
出版信息: 上海   上海人民出版社  1981.02
页数: 312页
开本: 18cm
丛书名:
单 册:
中图分类: TG162.2
科图分类:
主题词: 金属学 , 热处理
电子资源:
ISBN:
000 00548nam0 2200205 45
001 0405211168
005 20040524111512.0
010    @dCNY0.54
100    @a20040521d1981 km y0chiy0120 ea
101 0  @achi
105    @a z 000yy
200 1  @a刀具热处理@ADao Ju Re Chu Li@f上海工具厂编@FShang Hai Gong Ju Chang Bian
210    @a上海@c上海人民出版社@d1981.02
215    @a312页@d18cm
606 0  @a金属学
606 0  @a热处理
690    @aTG162.2@v3
701  0 @a上海工具厂@4编
801    @aCN@bPftUser@c20040521
905    @f1@b17195@dTG162.2@e19
    
    刀具热处理/上海工具厂编.-上海:上海人民出版社,1981.02
    312页;18cm
    
    
    ISBN :CNY0.54
    
●
相关链接 在E读中查询图书 在五车中查询图书 在当当中查询图书 在豆瓣中查询图书


正题名:刀具热处理     索取号:TG162.2/19         预约/预借

序号 登录号 条形码 馆藏地/架位号 状态 备注
1 0017195   001363642   第三借阅区/ [索取号:TG162.2/19] 在馆    
唐山师范学院图书馆 欢迎您!
大连网信软件有限公司© 版权所有